000 00612nmm a2200193Ia 4500
008 251105s9999||||xx |||||||||||||||||und||
020 _a9789681680206
041 _aspa
100 _aOrtega Juárez, Joel
245 0 _aEl otro camino :
_b Cuarenta y cinco años de trinchera en trinchera
264 _a[México D.C., Mexico] :
_bFondo de Cultura Económica,
_c2014
300 _a367 páginas
490 _aVida y Pensamiento de México
650 _aBiography
700 _aOrtega Juárez, Joel
700 1 _a Woldenberg, José
856 _uhttps://public.digitaliapublishing.com/a/43508
942 _cCF
999 _c69548
_d69548